| 000 | 00644nam a2200193 a 4500 | ||
|---|---|---|---|
| 005 | 20230524063759.0 | ||
| 008 | 991125s1968 mx 000 0 spa u | ||
| 035 | _aUPN01000037369 | ||
| 049 | _aCG | ||
| 050 | 4 |
_aLB1589 _bN3.48 |
|
| 100 | 1 | _aNankin, Aaron | |
| 245 | 1 | 4 |
_aLas matemáticas enseñadas racionalmente / _cpor Aaron Nankin ; tr. por Emiliano Vilalta. |
| 260 |
_aMéxico : _bUTEHA, _cc1968. |
||
| 300 | _a112 p.386 | ||
| 440 | 0 |
_aManuales UTEHA ; _v386. _pSección 17. _pEducación |
|
| 534 |
_pTítulo original: _tMeaningful mathematics teaching |
||
| 650 | 4 |
_aMatemáticas _xEstudio y enseñanza (Elemental) _92809 |
|
| 905 | _aLibro | ||
| 999 |
_c37369 _d37369 |
||